Bandiere secondo l'IA - Facile - Statistics

Statistiche generali
  • Questo quiz è stato fatto 22 volte
  • Il punteggio medio è 16 su 16
Statistiche sulle risposte
con Immagini Risposta % Corretto
Australia
100%
Brasile
100%
Canada
100%
Cina
100%
Francia
100%
Germania
100%
Giappone
100%
Italia
100%
Regno Unito
100%
Spagna
100%
Stati Uniti
100%
Argentina
95%
India
95%
Messico
95%
Russia
95%
Paesi Bassi
91%
Nessun quiz corrispondente trovato
Distribuzione punteggi
Percentuale di utenti per punteggio
Percentile per numero di risposta
I tuoi punteggi nel tempo
Non hai fatto questo quiz